000 00760nam a2200217Ii 4500
003 JO-AjNU
008 230605s9999||||xx |||||||||||||| ||und||
017 _a2020/2/738
020 _a978-9957-88-511-3
040 _aJO-AjNU
_bara
_erda
_cJO-AjNU
041 _aara
050 1 4 _aQA76.9.2020
100 3 _aالعمري، محمد محمود,
_eauthor
_963434
245 0 0 _aمدخل الى الامن السيبراني
250 _aط1
300 _a247ص
336 _atext
_btxt
_2rdacontent
337 _aunmediated
_bn
_2rdamedia
338 _avolume
_bnc
_2rdacarrier
650 4 _aالامن المعلوماتي-حماية البيانات-الجرائم الحاسوبية-السرية-الامن القومي-البلدان العربية
_963435
999 _aA28774
_c32342
_d32342